Theodore Roosevelt Trivia - Statistics

General Stats
  • This quiz has been taken 31 times
  • The average score is 9 of 10
Answer Stats
# Questions Answer % Correct
4 Roosevelt was not the youngest to be elected. Whowas the youngest president to be elected? John F. Kennedy
100%
5 What political party was Roosevelt part of duringhis presidency Republican
100%
10 Roosevelt's nickname Teddy
100%
7 Stuffed toy named after Roosevelt Teddy Bear
96%
3 Roosevelt was the youngest president to serve. Howold was he? 42
92%
2 Who was Theodore Roosedelt vice president for? William McKinley
92%
6 What US state was Theodore Roosevelt governor of? New York
88%
9 In 1906, what award did Roosevelt receive? Nobel Peace
80%
8 What president's funeral did Roosevelt see when hewas 7 years old in NYC? Abraham Lincoln
76%
1 Who was Theodore Roosevelt's vice president? Charles W. Fairbanks
28%
No matching quizzes found
Score Distribution
Percent of People with Each Score
Percentile by Number Answered
Your Score History
You have not taken this quiz